National aeronautics and flight plan.

Bibliographic Details
New Title:National aeronautics (1956)
Previous Title:National aeronautics (1937)
NAA flight plan
Corporate Author: National Aeronautic Association (U.S.)
Format: Journal
Language:English
Published: Washington, D.C., National Aeronautic Association.
Subjects:

MARC

Tag First Indicator Second Indicator Subfields
LEADER 00000cas a22000007 4500
001 in00005619476
005 20260623134729.4
008 840229d19461956dcumr p 0 0eng d
016 7 |a 012415695  |2 Uk 
029 1 |a UKMGB  |b 012415695 
035 |a (OCoLC)10472013 
035 |a (OCoLC)ocm10472013  
040 |a CRL  |b eng  |c CRL  |d IUL  |d OCL  |d UKMGB  |d OCLCQ  |d OCLCF  |d OCLCO  |d OCLCQ  |d OCLCO  |d OCLCL  |d OCLCO  |d OCLCQ 
043 |a n-us--- 
050 4 |a TL501  |b .N2765 
082 0 4 |a 629.13805 
245 0 0 |a National aeronautics and flight plan. 
260 |a Washington, D.C.,  |b National Aeronautic Association. 
300 |a 12 volumes  |b illustrations 
310 |a Monthly 
336 |a text  |b txt  |2 rdacontent 
337 |a unmediated  |b n  |2 rdamedia 
338 |a volume  |b nc  |2 rdacarrier 
362 0 |a v. 24, no. 5-v. 35, no. 2; May 1946-Feb. 1956. 
515 |a Numbering irregular. 
580 |a Formed by the union of: National aeronautics (1937), and: NAA flight plan. 
650 0 |a Aeronautics  |v Periodicals. 
650 0 |a Aeronautics  |z United States  |v Periodicals. 
650 6 |a Aéronautique  |z États-Unis  |v Périodiques. 
650 7 |a Aeronautics  |2 fast 
651 7 |a United States  |2 fast  |1 https://id.oclc.org/worldcat/entity/E39PBJtxgQXMWqmjMjjwXRHgrq 
655 7 |a Periodicals  |2 fast 
710 2 |a National Aeronautic Association (U.S.)  |1 https://id.oclc.org/worldcat/entity/E39QH7JmqmxrXppW4GPh79GVRg 
780 1 4 |t National aeronautics (1937)  |w (OCoLC)1759023 
780 1 4 |t NAA flight plan  |w (OCoLC)32421148 
785 0 0 |t National aeronautics (1956)  |w (OCoLC)31800116 
948 |h HELD BY TXA - 25 OTHER HOLDINGS 
994 |a Z0  |b TXA 
999 f f |i 8b80324a-9921-416e-b5e9-34bc029be319  |s 88ad55f7-f36d-4ec2-8fe1-7b9d4d573a44  |t 0 
952 f f |a Texas A&M University  |b Rellis Campus  |c Joint Library Facility  |d Remote Storage  |e TL501 .N32  |h Library of Congress classification  |i unmediated -- volume  |k v.33:no.2-7,9-12-v.35  |l 1954:Feb.-July,Sept.-Dec.-1956  |m A14852090415  |p ric  |s JLF  |t 0 
952 f f |a Texas A&M University  |b Rellis Campus  |c Joint Library Facility  |d Remote Storage  |e TL501 .N32  |h Library of Congress classification  |i unmediated -- volume  |k v.29-32  |l 1950-1953  |m A14852090407  |p ric  |s JLF  |t 0 
952 f f |a Texas A&M University  |b Rellis Campus  |c Joint Library Facility  |d Remote Storage  |e TL501 .N32  |h Library of Congress classification  |i unmediated -- volume  |k v.24-28  |l 1946-1949  |m A14852090399  |p ric  |s JLF  |t 0 
998 f f |a TL501 .N32  |s v.35:no.1-2 (1956:Jan.-Feb.)  |t 0  |l Remote Storage